000 00565nam a2200181Ia 4500
005 20250508153102.0
008 008 250505s9999 xx 000 0 eng d
037 _aTextual
040 _aFEDL
_beng
_cFEDL
041 _aeng
_2eng
084 _a414, BRO
_qFEDL
100 _aBrosnahan L F
_966833
245 0 _aSounds of language: An inquiry into the role of genetic factors in the development of sound systems
260 _aCambridge
_bW Heffer and Sons Limited
_c1961
300 _a250p
942 _cTEXL
_h414, BRO
999 _c1340616
_d1340616